[Event "AUTO-OPEN-1314"]
[Site "http://www.queenalice.com/game.php?id=482862"]
[Date "2008.10.25"]
[Round "1"]
[White "SsiAuM"]
[Black "gipmachado"]
[Result "0-1"]
[WhiteElo "1061"]
[BlackElo "1958"]

1. g3 e5 2. Nf3 Nc6 3. Bg2 e4 4. Ng1 Nf6 5. d3 exd3 6. exd3 d5 7. b3 Bg4 8. Nf3
Qe7+ 9. Qe2 Qxe2+ 10. Kxe2 Bc5 11. Na3 O-O-O 12. Re1 Nd4+ 13. Kf1 Nxf3 14. Bxf3
Bxf3 15. Nb5 a6 16. Be3 d4 17. Bf4 axb5 18. Bg5 Rhe8 0-1

[Event "AUTO-OPEN-1314"]
[Site "http://www.queenalice.com/game.php?id=482889"]
[Date "2008.10.25"]
[Round "1"]
[White "coach4u"]
[Black "SsiAuM"]
[Result "1-0"]
[WhiteElo "1607"]
[BlackElo "1072"]

1. e4 g6 2. d4 Bg7 3. c3 d6 4. h3 c5 5. d5 b5 6. Bxb5+ Bd7 7. Bc4 Nf6 8. Qb3
Nxe4 9. Qb7 e6 10. Qxa8 Qb6 11. a4 O-O 12. dxe6 Bc6 13. exf7+ Kh8 14. a5 Qc7 15.
Qxc6 Nxc6 16. Bd5 Nf6 17. Bxc6 Qxc6 18. Nf3 Rxf7 19. O-O Ng8 20. Nbd2 Qd5 21.
Ra4 Bf6 22. Rf4 g5 23. Re4 Ne7 24. Rfe1 h5 25. g3 Qb7 26. Re6 Qc7 27. Ne4 Nd5
28. c4 Qxa5 29. cxd5 1-0

[Event "AUTO-OPEN-1314"]
[Site "http://www.queenalice.com/game.php?id=482890"]
[Date "2008.10.25"]
[Round "1"]
[White "SsiAuM"]
[Black "coach4u"]
[Result "0-1"]
[WhiteElo "1072"]
[BlackElo "1609"]

1. g3 e5 2. Bg2 c6 3. e3 Nf6 4. b3 d5 5. Bb2 e4 6. Bxf6 Qxf6 7. c3 b5 8. f3 exf3
9. Bxf3 b4 10. a3 bxc3 11. dxc3 Be6 12. h3 Bd6 13. g4 Be5 14. Ne2 O-O 15. O-O
Qh6 16. Nf4 Bxf4 17. exf4 Qxf4 18. Bg2 Qh6 19. Nd2 Qe3+ 20. Kh2 Qxc3 21. Nf3 Nd7
22. b4 a5 23. Rc1 Qxa3 24. bxa5 c5 25. Ra1 Qb4 26. Qc2 Rxa5 0-1

[Event "AUTO-INT-1082"]
[Site "http://www.queenalice.com/game.php?id=483082"]
[Date "2008.10.26"]
[Round "1"]
[White "SsiAuM"]
[Black "Milton"]
[Result "0-1"]
[WhiteElo "1072"]
[BlackElo "1550"]

1. g3 d5 2. Bg2 Nf6 3. b3 e5 4. Bb2 Nc6 5. e3 e4 6. Bxf6 Qxf6 7. c3 Ne5 8. Nh3
Nd3+ 9. Ke2 Bxh3 10. Qf1 Bg4+ 0-1

[Event "Let's Play Chess!"]
[Site "http://www.queenalice.com/game.php?id=483118"]
[Date "2008.10.26"]
[Round "-"]
[White "SsiAuM"]
[Black "vulture"]
[Result "0-1"]
[WhiteElo "1177"]
[BlackElo "1566"]

1. Nf3 d5 2. g3 Nc6 3. Bg2 e5 4. b3 Nf6 5. Bb2 Bd6 6. Bxe5 Nxe5 7. Nxe5 Bxe5 8.
d4 Bd6 9. O-O O-O 10. Nc3 c6 11. e3 Bf5 12. Ne2 Re8 13. c3 b5 14. a4 b4 15. Rc1
Rb8 16. f4 Rxe3 17. Qd2 Rd3 18. Qc2 Qd7 0-1

[Event "AUTO-OPEN-1315"]
[Site "http://www.queenalice.com/game.php?id=483449"]
[Date "2008.10.26"]
[Round "1"]
[White "joaohumberto"]
[Black "SsiAuM"]
[Result "1-0"]
[WhiteElo "1546"]
[BlackElo "1222"]

1. Nf3 Nf6 2. h3 b6 3. d4 g6 4. e3 Nc6 5. a3 d5 6. Ng5 h6 7. Nf3 Bg7 8. Bb5 Bb7
9. Ne5 Qd6 10. c3 a6 11. Nc4 dxc4 12. Bxc6+ Qxc6 13. f3 1-0

[Event "AUTO-OPEN-1315"]
[Site "http://www.queenalice.com/game.php?id=483450"]
[Date "2008.10.26"]
[Round "1"]
[White "SsiAuM"]
[Black "joaohumberto"]
[Result "0-1"]
[WhiteElo "1238"]
[BlackElo "1542"]

1. Nf3 f6 2. g3 d5 3. h3 h5 4. Bg2 Nh6 5. O-O Be6 6. b3 Qc8 7. Nc3 Bxh3 8. Nxd5
g5 9. Ne1 h4 10. e4 g4 11. Nf4 Bxg2 12. Nexg2 h3 0-1

[Event "AUTO-OPEN-1315"]
[Site "http://www.queenalice.com/game.php?id=483475"]
[Date "2008.10.26"]
[Round "1"]
[White "Janivgm"]
[Black "SsiAuM"]
[Result "1-0"]
[WhiteElo "1817"]
[BlackElo "1300"]

1. e4 g6 2. d4 Nc6 3. Nf3 Bg7 4. e5 b6 5. Nc3 Bb7 6. Bc4 Nh6 7. O-O O-O 8. Bf4
Na5 9. b3 Nxc4 10. bxc4 e6 11. Qd2 c6 12. Bxh6 Ba6 13. Bxg7 Kxg7 14. Rfe1 Bxc4
15. Ne4 Qe7 16. Nf6 d6 17. Ng4 dxe5 18. Nfxe5 Bb5 19. Rab1 Rad8 20. c4 Ba4 21.
Rb4 b5 22. Nxc6 Qd6 23. Nxd8 Rxd8 24. c5 Qc7 25. Qh6+ Kg8 26. Nf6+ Kh8 27. Qxh7#
1-0

[Event "AUTO-OPEN-1315"]
[Site "http://www.queenalice.com/game.php?id=483476"]
[Date "2008.10.26"]
[Round "1"]
[White "SsiAuM"]
[Black "Janivgm"]
[Result "0-1"]
[WhiteElo "1072"]
[BlackElo "1820"]

1. Nf3 d5 2. g3 Nc6 3. b3 e5 4. Bb2 Bd6 5. Bg2 Nf6 6. O-O Bf5 7. Nh4 Qd7 8. c3
g5 9. Nxf5 Qxf5 10. e3 e4 11. f3 Qg6 12. fxe4 Nxe4 13. d3 Nf6 14. c4 Be5 15.
Bxe5 Nxe5 16. cxd5 Nxd3 17. Qc2 O-O-O 18. Rd1 Ne5 19. e4 Rhe8 20. Rc1 Rd7 21.
Nd2 Nfg4 22. Nc4 Nxc4 23. Qxc4 Ne3 24. Qe2 Nxd5 25. Rc5 b6 26. Rc4 Rde7 27. Rd1
Nf6 28. Rd3 Nxe4 29. Bh3+ f5 30. g4 f4 0-1

[Event "AUTO-OPEN-1315"]
[Site "http://www.queenalice.com/game.php?id=483491"]
[Date "2008.10.26"]
[Round "1"]
[White "leopov"]
[Black "SsiAuM"]
[Result "1-0"]
[WhiteElo "2257"]
[BlackElo "1059"]

1. e4 g6 2. d4 Bg7 3. c4 Nc6 4. Nf3 e5 5. Be3 exd4 6. Nxd4 Nxd4 7. Bxd4 Bxd4 8.
Qxd4 f6 9. Nc3 Nh6 10. Be2 O-O 11. O-O c6 12. Rad1 Nf7 13. Kh1 d6 14. f4 Qb6 15.
Qd2 Be6 16. b3 Nd8 17. Qxd6 Qe3 18. Qd4 Qxd4 19. Rxd4 c5 20. Rd6 Rc8 21. Rfd1 f5
22. e5 Re8 23. Bf3 Nc6 24. Bxc6 bxc6 25. Na4 Re7 26. Nxc5 1-0

[Event "AUTO-OPEN-1315"]
[Site "http://www.queenalice.com/game.php?id=483492"]
[Date "2008.10.26"]
[Round "1"]
[White "SsiAuM"]
[Black "leopov"]
[Result "0-1"]
[WhiteElo "1057"]
[BlackElo "2258"]

1. Nf3 Nf6 2. g3 b6 3. a4 Bb7 4. Bg2 c5 5. O-O e6 6. Ne1 Bxg2 7. Nxg2 d5 8. e3
Nbd7 9. b3 Bd6 10. Bb2 Qc7 11. Bxf6 Nxf6 12. Nc3 a6 13. d3 O-O 14. f4 e5 15.
fxe5 Bxe5 16. d4 cxd4 17. Ne2 d3 18. Nd4 Bxd4 19. exd4 dxc2 20. Qd2 Ne4 21. Qd3
Rfc8 22. Rac1 Qc3 23. Ne1 Qxd3 24. Nxd3 Nd2 25. Rf2 Nxb3 26. Re1 c1=Q 27. Nxc1
Rxc1 28. Rxc1 Nxc1 29. Rf1 Ne2+ 0-1

[Event "AUTO-BEG-260"]
[Site "http://www.queenalice.com/game.php?id=483979"]
[Date "2008.10.27"]
[Round "1"]
[White "Prosperidade"]
[Black "SsiAuM"]
[Result "1-0"]
[WhiteElo "1470"]
[BlackElo "1203"]

1. d4 Nf6 2. c4 e6 3. a3 b6 4. Nc3 d5 5. cxd5 exd5 6. h3 c5 7. Nf3 Bd6 8. dxc5
Bxc5 9. e3 Ba6 10. Bxa6 Nxa6 11. O-O 1-0

[Event "AUTO-BEG-260"]
[Site "http://www.queenalice.com/game.php?id=483980"]
[Date "2008.10.27"]
[Round "1"]
[White "SsiAuM"]
[Black "Prosperidade"]
[Result "0-1"]
[WhiteElo "1188"]
[BlackElo "1475"]

1. Nf3 c5 2. g3 d5 3. Bg2 Nc6 4. b3 e5 5. Bb2 Bd6 6. O-O Nf6 7. Nc3 O-O 8. Nb5
Bb8 9. c4 d4 10. Ba3 a6 11. Bxc5 axb5 0-1